000 00427nam a2200169 a 4500
001 1777709615706
003 YourLibrary
005 20260502134443.0
008 260502s2007##################000#0#eng##
020 _a9788131504130
082 0 4 _a394.2068
_bSHO
100 1 _aSHONE, ANTON.,
_eauthor.
245 1 0 _aSuccessful Event Management :
260 _c2007.
942 _cENGLISH
040 _aYourLibrary
_beng
_cYourLibrary
999 _c622193
_d622193